MARC

LEADER 00000nam0a2200000 4500
001 298584
005 20231102001123.0
020 |a RU  |b 84-72063 
035 |a (RuTPU)RU\TPU\book\323727 
090 |a 298584 
100 |a 20150619d1984 km y0rusy5003 ca 
101 0 |a rus 
102 |a UA 
105 |a a z 001zy 
200 1 |a Тепловые трубы с металловолокнистыми капиллярными структурами  |f М. Г. Семена, А. Н. Гершуни, В. К. Зарипов 
210 |a Киев  |c Вища школа  |d 1984 
215 |a 215 с.  |c ил.  |d 20 см 
606 1 |a Тепловые трубы  |2 stltpush  |3 (RuTPU)RU\TPU\subj\59596  |9 77106 
610 1 |a металловолокнистые трубы 
610 1 |a тепломассоперенос 
610 1 |a структура 
610 1 |a теплофизические свойства 
610 1 |a теплообмен 
610 1 |a оптимизация 
610 1 |a охлаждение 
675 |a 621.1-462  |v 3 
700 1 |a Семена  |b М. Г.  |g Михаил Григорьевич  |4 070 
701 1 |a Гершуни  |b А. Н.  |g Александр Наумович 
701 1 |a Зарипов  |b В. К.  |g Владилен Коминович 
801 0 |a RU  |b RuMRKP  |c 19950704  |g psbo 
801 1 |a RU  |b 63413507  |c 20150619 
801 2 |a RU  |b 63413507  |c 20170328  |g RCR 
942 |c BK